| 000 | 01024cam a2200253a 44500 | ||
|---|---|---|---|
| 003 | OSt | ||
| 005 | 20150408113729.0 | ||
| 008 | 980503s1972 le g b 00010 ara d | ||
| 040 |
_aSA-RiAUC _bara _cSA-RiAUC |
||
| 041 | _aعربي. | ||
| 072 | 7 |
_a025 _xالقرآن الكريم وعلومه ومباحثه |
|
| 082 | 0 | 4 | _a225.4 |
| 092 |
_a225.4 _bز ب ب |
||
| 100 | 1 |
_aالزركشي، محمد بن بهادر بن عبد الله، _d745-794هـ. _9843 |
|
| 245 | 1 | 2 |
_aالبرهان في علوم القرآن / _cبدر الدين محمد بن عبد الله الزركشي ؛ تحقيق محمد أبو الفضل إبراهيم. |
| 250 | _aط. 2. | ||
| 260 |
_aبيروت _bالمكتبة العصرية _c19-؟ |
||
| 300 |
_a4 ج. ؛ _c24 سم. |
||
| 504 | _aيشتمل على إرجاعات ببليوجرافية. 7 | ||
| 630 |
_aالقرآن _xعلوم _2aucsh. 7 |
||
| 650 |
_aعلوم القرآن _2aucsh.1 _9137 |
||
| 700 |
_aإبراهيم، محمد أبو الفضل _eمحقق.\\ _930 |
||
| 942 |
_2ddc _cBOOK |
||
| 999 |
_c1574 _d236074 |
||